| 000 | 01297nam a22002895a 4500 | ||
|---|---|---|---|
| 003 | OSt | ||
| 005 | 20180428154011.0 | ||
| 008 | 180428s2014 enka frb 000 0dara d | ||
| 020 | _a9781780581446 | ||
| 040 |
_aEG-ScBUE _bara _cEG-ScBUE |
||
| 082 | 0 | 4 |
_a320.557 _bش ا ع _222 |
| 100 | 1 | _aشاعر، ياسر حلمي. | |
| 245 | 1 | 2 |
_aالتاريخ الأسود للجماعة : _bبين يهودية حسن البنا وماسونية الإخوان = Black history of the muslim brotherhood : between Jewishness of Hassan al-Banna and masonry of the brotherhood / _cياسر حلمي الشاعر. |
| 246 | 3 | 1 |
_aBlack history of the muslim brotherhood : _bbetween Jewishness of Hassan al-Banna and masonry of the brotherhood |
| 250 | _aط. 1. | ||
| 260 |
_aلندن : _bإي-كتب، _c2014. |
||
| 300 |
_a316 ص. : _bإيض. ؛ _c24 سم. |
||
| 504 | _aيشتمل على إرجاعات ببليوجرافية. | ||
| 541 |
_aأ. محمد فريد خميس ؛ _cإهداء ؛ |
||
| 600 | 1 | 7 |
_aبنا، حسن، _d1949-1906. _2BUEsh |
| 610 | 2 | 7 |
_aجماعة الإخوان المسلمين (مصر). _xتاريخ. _2BUEsh |
| 650 | 7 |
_aالماسونية. _2BUEsh |
|
| 650 | 7 |
_aالماسونية واليهود. _2BUEsh |
|
| 651 | _2BUEsh | ||
| 653 |
_bGGEN _cApril2018 |
||
| 942 | _2ddc | ||
| 999 |
_c26607 _d26579 |
||